|
|
|
|
| LEADER |
01111nam a2200301 a 4500 |
| 001 |
40246 |
| 003 |
BD-DhAAL |
| 008 |
221221r19951994nyu 001 0 eng d |
| 999 |
|
|
|c 45233
|d 45233
|
| 010 |
|
|
|a 95018032
|
| 020 |
|
|
|a 0713991402 (hbk)
|
| 020 |
|
|
|a 0140249079 (pbk)
|
| 040 |
|
|
|a DLC
|c DLC
|d DLC
|d BD-DhAAL
|
| 050 |
0 |
0 |
|a B791
|b .S38 1995
|
| 082 |
0 |
0 |
|a 190
|2 20
|
| 100 |
1 |
|
|a Scruton, Roger.
|9 53077
|
| 245 |
1 |
0 |
|a Modern philosophy :
|b an introduction and survey /
|c Roger Scruton.
|
| 250 |
|
|
|a First American edition
|
| 260 |
|
|
|a New York :
|b Penguin Books,
|c 1995.
|
| 300 |
|
|
|a x, 611 pages ;
|c 24 cm.
|
| 500 |
|
|
|a Originally published: London : Sinclair-Stevenson, c1994.
|
| 500 |
|
|
|a Includes index.
|
| 541 |
|
|
|a Donated By Akbar Ali Khan
|e 40246
|
| 650 |
|
0 |
|a Philosophy, Modern.
|9 53078
|
| 650 |
|
0 |
|a Philosophy
|v Introductions.
|9 53079
|
| 852 |
|
|
|a Ayesha Abed Library
|c Akbar Ali Khan Collection
|
| 942 |
|
|
|2 ddc
|c BK
|
| 952 |
|
|
|0 0
|1 0
|2 ddc
|4 0
|6 190_000000000000000_SCR
|7 1
|9 72549
|a BRACUL
|b BRACUL
|c AAKC
|d 2022-12-21
|e Donated by Akbar Ali Khan
|g 1640.00
|l 0
|o 190 SCR
|p 3010040246
|r 2022-12-21
|t 1
|w 2022-12-21
|y BK
|